[Event "Tata Steel-A 78th"]
[Site "Wijk aan Zee"]
[Date "2016.01.18"]
[Round "3"]
[White "Wei, Yi"]
[Black "Carlsen, Magnus"]
[Result "1/2-1/2"]
[WhiteElo "2706"]
[BlackElo "2844"]
[Annotator "Marin,Mihail"]
[PlyCount "119"]
[EventDate "2016.01.16"]
[EventType "tourn"]
[EventRounds "13"]
[EventCountry "NED"]
[EventCategory "20"]
[SourceTitle "CBM 171"]
[Source "ChessBase"]
[SourceDate "2016.03.14"]
[SourceVersion "2"]
[SourceVersionDate "2016.03.14"]
[SourceQuality "1"]

1. e4 {Sagar,Shah} e5 2. Nf3 Nc6 3. Bb5 a6 4. Ba4 Nf6 5. O-O Be7 6. Re1 b5 7. Bb3 O-O 8. c3 {I might be subjective, but my feeling is that Carlsen is allowed more frequently to play the genuine Marshall than any other of his colleagues. If this is true, the natural question is whether his opponents trust that despite his phenomenal positional feeling Carlsen may be less strong in concrete opening variations or on the contrary they want to play safe, keeping a draw in their pocket. Be it as it may, the present game contradicts both points of view as White got a slightly worse position out of the opening.} d5 9. exd5 Nxd5 ({RR} 9... e4 10. dxc6 exf3 11. d4 ({RR} 11. Qxf3 Bg4 12. Qg3 ({RR} 12. Qe3 Re8) 12... Bd6 13. Qh4) 11... fxg2 12. Qf3) 10. Nxe5 Nxe5 11. Rxe5 c6 12. d3 ({RR} 12. d4) 12... Bd6 13. Re1 Bf5 (13... Qh4 {is slightly more popular. Here is just a recent example:} 14. g3 Qh3 15. Re4 Nf6 16. Rh4 Qf5 17. Bc2 Re8 18. d4 Qe6 19. Nd2 Qe1+ 20. Qxe1 Rxe1+ 21. Kg2 Bb7 22. f3 Rae8 23. Bd3 c5 24. Kf2 c4 $6 (24... cxd4 25. Ne4 R1xe4 26. fxe4 dxc3 27. bxc3 Bxe4 $44) 25. Be4 Nxe4+ 26. Nxe4 Bxe4 27. Kxe1 Bd3+ 28. Re4 Bxe4 29. fxe4 Rxe4+ 30. Kf2 $14 {1-0 (62) Ivanov,O (2513)-Balashov,Y (2418) Moscow 2015}) ({RR} 13... Qh4 14. g3 Qh3 15. Re4 g5 16. Bxg5 Qf5 17. Bh6) 14. Qf3 Qh4 ({Deviating from a game of his own:} 14... Bg6 15. Bxd5 cxd5 16. Bf4 {Anand,V (2791)-Carlsen,M (2863) Shamkir 2015 CBM 166 [Pavlovic,M] (½-½, 53), in which he had to struggle hard to reach a draw.}) 15. g3 ({RR} 15. Qxf5 Qxh2+ 16. Kf1 Rae8 ({RR} 16... Qh1+ 17. Ke2 Rae8+ 18. Be3 Nxe3 19. Rxh1 Nxf5+ 20. Kf3) 17. Be3 Nf4) 15... Qh3 16. Be3 ({It is the Chinese player's turn to deviate from an earlier game between the same players as above, but with reversed colours:} 16. Bxd5 cxd5 17. Be3 Bxd3 18. Qxd5 Rad8 19. Qf3 Rfe8 20. Nd2 Qf5 21. Qxf5 Bxf5 {Carlsen,M (2548)-Anand,V (2785) Leon 2005 (½-½, 30)}) ({RR} 16. Nd2 Rae8 17. Ne4 Bg4 18. Qg2 Qxg2+ 19. Kxg2 f5 20. h3 Bh5 21. Bf4 Bxf4 22. gxf4 fxe4 23. dxe4 Bf3+ 24. Kxf3 Rxf4+ 25. Kg3 Rfxe4) ({RR} 16. Bxd5 cxd5 17. Qxd5 Rad8 18. Qg2) 16... Bxd3 17. Nd2 {White has returned the extra pawn for the sake of completing the development. Even though the structure is more or less symmetrical, the position is not dull at all. Black's minor pieces seem more active, but they can easily be exposed depending how things turn out. The same applies to Black's queenside space advantage: due to the permanent threats c3-c4 and a2-a4 Black's pawns may become weak.} ({RR} 17. Bxd5 cxd5 18. Qxd5 Rad8 19. Qg2 Qc8 20. Nd2 Bf5 21. Bd4 Rfe8 22. f3 Bf8 23. a3 Re6 24. Rxe6 Qxe6 25. Qf2 Re8 26. Nf1 h5 27. Ne3 Bh3 28. Re1 Qc6 29. Ng2 Rxe1+ 30. Nxe1 Qg6 31. Qc2 Bf5 {Carlsen,M (2870)-Ding,L (2801) Kolkata 2019 1-0 (59)}) 17... Qf5 {Since Black has no attacking chances anymore, the queen returns to the centre.} ({RR} 17... Bf5 18. Bxd5 cxd5 19. Bf4 Rad8 20. Bxd6 Rxd6 21. Re5 Bg4 22. Qd3 Rh6 23. Nf1 Rf6 24. Nd2 Rh6 25. Nf1 Rf6 26. Re3 Bf5 27. Qe2 Be6 28. Rd1 Rg6 29. Rd4 Rg4 30. f4 Rg6 31. Re5 Bg4 32. Qg2 {Nguyen,T (2668)-Keymer,V (2731) Prague CZE 2025 ½-½ (88)}) 18. Bd4 {For the time being both players maintain the tension.} (18. Qxf5 Bxf5 19. Bd4 Rfd8 20. a4 Bf8 {½-½ (27) Ivanchuk,V (2751)-Aronian,L (2739) Nice 2008}) (18. Rad1 Rfe8 19. Qxf5 Bxf5 20. Bxd5 cxd5 21. Nb3 {Polgar,J (2707)-Leko,P (2753) Wijk aan Zee 2008 (½-½, 35)}) 18... Rae8 {In view of the next rook lift to e6, it looks logical to keep the other rook on f8,} ({but} 18... Rfe8 {is also played as in Leko,P (2708)-Svidler,P (2745) Reykjavik 2015 (½-½, 41)}) ({RR} 18... Qxf3 19. Nxf3 Rfe8 20. Be5 ({RR} 20. Ne5 Bxe5 21. Bxe5 Nb6)) 19. Kg2 Qxf3+ $146 {Preparing the rook lift without losing more time.} (19... h6 20. a4 Qxf3+ 21. Kxf3 ({RR} 21. Nxf3 Be4) 21... Re6 22. axb5 ({RR} 22. Rxe6 fxe6+ 23. Kg2 c5) 22... axb5 23. Kg2 {Vachier Lagrave,M (2731)-Adams,M (2740) Biel 2015 CBM 168 [Sagar Shah] (1-0, 42)}) ({RR} 19... h6 20. a4 Qxf3+ 21. Kxf3 Re6 22. axb5 axb5 23. Kg2 Rfe8 24. Rxe6 Rxe6 25. c4 bxc4 26. Nxc4 Be4+ ({RR} 26... Bc7 27. Na5 Be4+ 28. f3 Bd3 29. Nxc6 Rxc6 30. Bxd5 Rd6 31. Be5 Rxd5 32. Bxc7 Rc5 33. Bf4 Rc2+) 27. f3 Bd3 28. Nxd6 Rxd6 29. Kf2 Rd7 30. Ra3 Nc7 31. Be3 ({RR} 31. Bxf7+ Kxf7 32. Rxd3 c5) 31... Nd5 32. Bc5 f6 33. Ba4 Bb5 34. Bc2 {Vachier Lagrave,M (2731)-Adams,M (2740) Biel 2015 CBM 168 [Sagar,Shah] 1-0 (42)} {RR} Kf7 35. Bf5 Rb7 36. Bc8 Rb8 37. Ra7+ Kg6 38. Be6 h5) 20. Kxf3 Re6 21. Rac1 {With the obvious idea of finding a good moment to play c3-c4.} ({One of the points behind Carlsen's novelty is that} 21. a4 {can be answered with} bxa4 $5 {The e1-rook is hanging and the intermediate exchange on e6 loses a piece after ...fxe6 check!} 22. Bxa4 c5 23. Be3 Nxe3 24. Rxe3 c4 {[%csl Gd3,Gd6]}) (21. Rxe6 fxe6+ 22. Kg2 {can lead to interesting play:} c5 23. Re1 Bf4 $3 (23... cxd4 24. Rxe6 $16) (23... Kf7 24. Be5 {with a pleasant blockade.}) 24. Bxc5 (24. gxf4 cxd4 $13) (24. Rxe6 c4 $17) 24... Bxd2 25. Rxe6 Rd8 26. Rxa6 {[%cal Ga6a8]} Bc4 $8 {White's three pawns compensate for the missing knight, but possibly not more.}) 21... h6 $5 {This move and White's reply show that both sides have problems making progress. The position is in some sort of dynamic balance, or, exaggerating a bit, mutual zugzwang. Still, I am not sure about the merits of Black's last move.} ({True,} 21... Rfe8 $2 22. Rxe6 Rxe6 23. c4 $16 {causes Black problems.}) ({But I would consider} 21... a5 {Black's main candidate, aiming to put Black's queenside space advantage to work.} 22. c4 ({White could renew the pseudo-zugzwang with the neutral} 22. a3 $5 a4 23. Ba2) (22. a4 bxa4 23. Bxa4 c5 $132) 22... bxc4 23. Bxc4 (23. Nxc4 $4 a4 {wins a piece.}) 23... Bb4 24. Red1 Bxd2 25. Rxd2 Be4+ 26. Ke2 Bg2+ 27. Kd1 a4 $5 {[%cal Gf8d8] Black's superior activity and the slight exposure of the white king compensate for the bishop pair.}) 22. Kg2 {White avoids the check in case of a later exchange on e6, but taking the king away from the centre looks a bit like a counter-developing move.} (22. c4 $5 c5 {White has to permanently count with this counter-blow.} (22... Nb4 $6 23. Rxe6 fxe6+ 24. Ke3 $16) (22... Rxe1 23. Rxe1 Nb4 24. c5 Bb8 25. Bc3 a5 26. Kg2 $1 $14 {[%csl Rc6,Rf7][%cal Gd2f3,Gf3e5] Now is a good moment for this retreat!}) 23. cxd5 Rxe1 24. Rxe1 cxd4 25. Ne4 Bxe4+ 26. Rxe4 Bc5 27. Ke2 Rc8 28. Kd3 Kf8 29. Re2 {In principle the position should be drawn, but while there are rooks on the board White can try exerting some pressure.. His king is perfectly placed and the black queenside is weakened.}) (22. a3 a5 ({What else? If} 22... g5 23. Kg2 $5 {Black does not have the plan based on ...g6 followed by ...f4 anymore.}) 23. c4 {leads to a similar ending as above:} c5 (23... Rxe1 24. Rxe1 Nf6 25. c5 Bb8 26. Re7 $14) 24. cxd5 Rxe1 25. Rxe1 cxd4 26. Ne4 Bxe4+ 27. Rxe4 Bc5 28. Ke2 a4 29. Ba2 Rc8 30. Kd3 {with the same evaluation.}) ({By the way, with his king on f3 White cannot try playing against the Isolani with} 22. Bxd5 $6 cxd5 23. Nb3 $2 {due to} Be4+ 24. Ke2 Bb1+ 25. Kd2 Bxa2) 22... Rg6 {Finally exiting the tension along the e-file.} 23. Ne4 {This leads to lively play with entirely adequate counterplay for Black.} ({Now was a good moment to settle for a slightly better ending against the Isolani with} 23. Bxd5 $5 cxd5 24. Be5 Bc5 25. Nb3 Bb6 26. Bd4 $14) 23... Nf4+ 24. Kf3 {As we see the king didn't find peace on g2. After returning to f3, it will soon allow Black to gain another tempo with a knight move.} Bxe4+ 25. Rxe4 (25. Kxe4 c5 $1 26. Bxc5 (26. gxf4 cxd4 27. cxd4 Rg4 $15) 26... Bxc5 27. Kxf4 Rf6+ 28. Kg4 Rxf2 $11) 25... Nd3 (25... c5 26. gxf4 cxd4 27. cxd4 $16 {[%csl Gf4]}) 26. Rd1 {The principled move, fighting for the initiative at the cost of a temporary pawn sacrifice.} (26. Rb1 c5 27. Be3 Rd8 {[%cal Gd6f8]} 28. Bc2 f5 $1 29. Rh4 Bf8 {with better coordination for Black, compensating for White's bishop pair.}) 26... Nxb2 27. Rd2 Ba3 28. Bb6 Rd6 29. Rxd6 Bxd6 30. Re2 Nd3 $5 {The knight is heading for c4 to neutralise the bishop's pressure against f7, but on the way it will drive the enemy king away from the centre for the second time in this game.} (30... Nc4 $11) 31. Rd2 Ne5+ 32. Kg2 Be7 33. f4 Nc4 34. Bxc4 bxc4 35. Rd7 Bf6 36. Rc7 Bxc3 37. Rxc6 Rb8 {More or less forced play has resulted in an ending where White needs some caution to make a draw. In principle, due to his activity many roads lead to Rome, but the problem is finding just one of them (and not a false path) and sticking to it.} 38. a4 ({There is no need to simplify to an ending with a pawn down, even though it should be drawn.} 38. Rxc4 Rxb6 39. Rxc3 Rb2+ 40. Kf3 Rxa2 41. Rc8+ Kh7 42. Ra8 h5 {This type of ending is heavily analysed with the standard pawn positioning on f2, g3, h4, but the present structure is less usual. In principle it looks less favourable for White, as his king is exposed and the pawns more vulnerable, but it should not suffice for a win. I have found a game to which we will transpose after just a few (some of them dumb) moves:} 43. Ke4 (43. h3 $6 Ra3+ 44. Kf2 {forces the king to stay passive.}) 43... g6 44. Kf3 Kg7 45. Ra7 a5 ({This is necessary only for... transposing. But Black does not get much if he keeps the sixth rank defended for a while:} 45... Kf6 46. Ke4 Ke6 47. Kf3) 46. Ra6 a4 47. h3 $6 {This puts White on the edge.} (47. Ke3) 47... a3 48. Ra5 Ra1 49. Kg2 Kf6 50. Ra6+ Ke7 51. g4 h4 52. g5 a2 53. Kh2 {In order to win, Black needs to create a passed pawn on the f-file, but this is not achievable. A g-pawn or a h-pawn would not suffice.} Kd7 54. Kg2 Kc7 55. Ra8 Kb7 56. Ra3 Kc6 57. Ra6+ Kd5 58. Ra7 Ke6 59. Ra6+ Ke7 60. Ra7+ Ke6 61. Ra6+ Kd5 62. Ra7 Ke4 63. Re7+ ({Actually even} 63. Kh2 Kf3 64. Ra3+ Kxf4 65. Ra5 {is drawn.} Ke4 66. Kg2 Ke3 {[%cal Ga1d1,Gd1d2]} 67. Ra3+ $1) 63... Kxf4 64. Rxf7+ Kxg5 65. Ra7 Kh6 66. Ra4 g5 67. Ra6+ Kg7 68. Ra7+ Kg6 {½-½ Fominyh,A (2518)-Deepan Chakkravarthy,J (2428) Hyderabad 2006}) 38... Bb2 ({During the game I thought} 38... a5 {was more consistent, but it is just an illusion.} 39. Kf3 ({I had in view} 39. Rxc4 $6 Rxb6 40. Rxc3 Rb4 41. Ra3 {when Black has more space than in the game, with increased chances to outplay his opponent.}) 39... Bb4 40. Bd4 c3 41. Ke4) 39. Ba5 c3 40. Bxc3 Bxc3 41. Rxc3 Rb4 42. a5 Rb5 43. Ra3 {The white rook is passive, but White does not have weaknesses on the kingside, making the draw quite obvious. In the worst case he can transpose to the previous ending, of course, but he can choose the circumstances under which to do it.} Rb2+ 44. Kh3 f5 45. Rc3 Rb5 46. Ra3 g5 (46... Kf7 47. Kh4 $11) 47. fxg5 hxg5 48. Kg2 Kg7 49. h4 g4 50. Rc3 $1 Rxa5 51. Rc6 Ra2+ 52. Kg1 a5 53. Ra6 a4 54. Kh1 Kf7 55. Kg1 Ra1+ 56. Kg2 Ra3 57. Kh2 Ra2+ 58. Kg1 Ke7 59. Kh1 a3 60. Kg1 (60. Kg1 Kd7 61. Kh1 (61. Rf6 $4 Rb2 $19) 61... Kc7 62. Kg1 Kb7 63. Ra4 Kb6 64. h5 $11) 1/2-1/2

[Event "Tata Steel-A 78th"]
[Site "Wijk aan Zee"]
[Date "2016.01.24"]
[Round "8"]
[White "Karjakin, Sergey"]
[Black "Carlsen, Magnus"]
[Result "1/2-1/2"]
[WhiteElo "2769"]
[BlackElo "2844"]
[PlyCount "62"]
[EventDate "2016.01.16"]
[EventType "tourn"]
[EventRounds "13"]
[EventCountry "NED"]
[EventCategory "20"]
[SourceTitle "CBM 171"]
[Source "ChessBase"]
[SourceDate "2016.03.14"]
[SourceVersion "2"]
[SourceVersionDate "2016.03.14"]
[SourceQuality "1"]

1. e4 {Pavlovic,Milos} e5 2. Nf3 Nc6 3. Bb5 g6 4. O-O Bg7 5. c3 a6 6. Ba4 d6 7. d4 Bd7 8. Re1 Nf6 ({RR} 8... Nge7 9. Be3 O-O 10. Nbd2 Qe8 11. Bb3 Kh8 12. h3 h6 13. Nf1 Na5 14. Bc2 Nc4 15. Bc1 Qd8 16. Ng3 Nb6 17. b3 a5 18. Be3 a4 19. Qd2 Kh7 20. Rad1) ({RR} 8... b5 9. Bb3 Nf6 10. Bg5 h6 11. Bh4 O-O 12. Nbd2 ({RR} 12. dxe5 Nxe5 13. Nxe5 dxe5 14. Nd2 Qe7 15. Nf1 Rfd8 ({RR} 15... Rad8 16. Qe2 c5 17. Bxf6 Qxf6 18. Bd5 h5 19. c4 Bh6 20. Rad1 b4 21. Rd3 Bg4 22. f3 Bc8 23. Nd2 Rd7 24. Qf2 Rc7 25. Rd1 a5 26. a4 Bd7 27. b3 h4 ({RR} 27... g5 28. Nf1)) 16. Ne3 Be6 17. Qc2 c6 18. a4 h5 19. Bg5 Kh7 20. Red1 Bxb3 21. Qxb3 Bh6 22. Bxf6 Qxf6 23. axb5 axb5 24. Rxa8 Rxa8 25. Nc2 Bf8 26. Ne1 Bc5) 12... exd4 13. Nxd4 Re8 ({RR} 13... Qb8 14. N2f3 Qb7 15. Nxc6 Bxc6 16. e5 dxe5 17. Nxe5 g5 18. Nxc6 Qxc6 19. Bg3) 14. Bd5 ({RR} 14. Bc2 Qb8 15. Nf1 Qb7 16. f3 Rac8 17. Nxc6 Bxc6 18. Qd2 Nd7 19. Ne3) 14... Nxd4 15. Bxa8 Qxa8 16. Bxf6 Bxf6 17. cxd4 Bxd4 18. Qc2) 9. d5 Ne7 ({RR} 9... Nb8 10. c4 O-O 11. Nc3 Bg4 12. h3 Bxf3 13. Qxf3 Nbd7 14. Be3 Kh8 15. b4) 10. Bxd7+ Nxd7 11. Be3 Ng8 ({RR} 11... h6 12. Nfd2 f5 13. f3 Bf6 ({RR} 13... f4 14. Bf2 g5 15. c4 h5 16. Nc3 Ng6 ({RR} 16... Bh6 17. b4 Rg8 18. c5 g4 19. Kh1 g3 20. Bg1 gxh2 21. Bf2 Nc8 22. Re2 Qg5 23. Qf1 h4 24. Nc4 Nf6) 17. Rc1 Bf8 18. b4 Be7 19. c5 dxc5 20. d6 cxd6 21. Nc4 Nf6 22. Nd5) 14. Bf2 O-O 15. c4 Bg5 16. Nc3 b6 ({RR} 16... h5 17. b4 Nf6 18. c5 Kh7 19. Nc4) 17. b4 Nf6 18. c5 h5 19. Nc4 ({RR} 19. exf5 gxf5 20. Nc4 Rb8 21. cxd6 cxd6 22. b5 a5 23. Na4 Nc8) ({RR} 19. cxd6 cxd6 20. b5 a5 21. Na4 Rb8 22. Rc1 fxe4 23. fxe4 Ng4) 19... Rb8 20. cxd6 cxd6 21. Qb3 ({RR} 21. b5 a5 22. Na4 Nc8) 21... Kh7 22. b5 a5 23. Na4 fxe4 24. fxe4 Nc8 25. h3 h4 26. Qd1 {Karjakin,S (2772)-Sasikiran,K (2660) Tromsoe 2013 CBM 156 [Pavlovic,Milos] 1-0 (42)} {RR} Nh5 27. Nd2 Rb7 28. Nf3 Rbf7) ({RR} 11... O-O 12. c4 h6 13. Nfd2 f5 14. f3 a5 15. Nc3 f4 16. Bf2 h5 17. a3 g5 18. b4 Nf6 19. c5 Ng6 20. Nc4 axb4 21. axb4 Rxa1 22. Qxa1 g4 23. Kh1 g3 24. Bg1 gxh2 25. Bf2 Ne8 26. Qa7 {Alonso Garcia,A (2458)-Fiorito,F (2274) Granada ESP 2025 0-1 (45)}) 12. c4 $146 ({RR} 12. h3 Bh6 13. Bxh6 Nxh6 14. Qc1 Ng8 15. b4 Ngf6 16. Qh6 Ng8 17. Qe3 Ngf6 18. Qh6 Ng8 19. Qe3 Ngf6 {½-½ (19) Pijpers,A (2473)-Sandipan,C (2568) Leiden 2016}) 12... Bh6 13. Nc3 ({RR} 13. Qd2 Bxe3 14. Qxe3 Ngf6 15. Nc3 O-O 16. Rac1 Qe7 17. b4 a5 18. a3 axb4 19. axb4 Ra3) 13... Bxe3 14. Rxe3 Ngf6 15. b4 O-O 16. Rc1 Qe7 17. Nd2 a5 18. a3 axb4 19. axb4 Nb6 20. h3 Rfc8 21. Ra1 Rxa1 22. Qxa1 Ra8 23. Qb2 Qe8 24. Qc2 c6 25. Kh2 Qc8 26. dxc6 Qxc6 27. Qb3 Kg7 28. Rd3 Ra1 29. Qb2 Ra8 30. Qb3 Ra1 31. Qb2 Ra8 1/2-1/2

[Event "Tata Steel-A 78th"]
[Site "Wijk aan Zee"]
[Date "2016.01.29"]
[Round "11"]
[White "Carlsen, Magnus"]
[Black "Hou, Yifan"]
[Result "1-0"]
[WhiteElo "2844"]
[BlackElo "2673"]
[PlyCount "107"]
[EventDate "2016.01.16"]
[EventType "tourn"]
[EventRounds "13"]
[EventCountry "NED"]
[EventCategory "20"]
[SourceTitle "CBM 171"]
[Source "ChessBase"]
[SourceDate "2016.03.14"]
[SourceVersion "2"]
[SourceVersionDate "2016.03.14"]
[SourceQuality "1"]

1. e4 e5 2. Nf3 Nf6 3. Nxe5 d6 4. Nf3 Nxe4 5. Nc3 Nxc3 6. dxc3 Be7 7. Be3 Nc6 8. Qd2 Be6 9. O-O-O Qd7 10. b3 Bf6 11. h3 O-O-O 12. g4 h6 13. Bg2 Kb8 14. Rhe1 ({RR} 14. Ng1 d5 15. Ne2 Qe7 16. Kb1 g6 17. Rhe1 h5 18. g5 Bg7 19. h4 Qd7 20. Nf4 Qd6 21. Ne2 Rhe8 22. Nd4 Bxd4 23. Bxd4 Nxd4 24. Qxd4 c6 25. Re5 Bf5 26. Rde1 Re6 27. f4 Rde8 28. Kb2 Rxe5 {Markgraf,A (2489)-Hou,Y (2658) Germany 2018 ½-½ (42)}) 14... Rhe8 15. Kb2 $146 ({RR} 15. Nd4 Nxd4 16. Bxd4 Bxd4 17. cxd4 d5 18. f4 Qd6 19. f5 Bd7 20. Kb2 f6 21. Qa5 c6 22. Rd3 b6 23. Qd2 Rxe1 24. Qxe1 Re8 25. Qf2 Bc8 {½-½ (25) L'Ami,E (2628)-Laurusas,T (2569) Bad Mergentheim GER 2025}) 15... a6 16. Re2 Qe7 17. Rde1 Qf8 18. Nd4 Nxd4 19. Bxd4 Bxd4 20. Qxd4 Bd7 21. f4 Rxe2 22. Rxe2 Re8 23. Rxe8+ Bxe8 24. Qb4 c6 25. Bf1 Kc8 26. g5 Qe7 27. gxh6 gxh6 28. Qd4 f6 29. Qa7 Bd7 30. a4 Qd8 31. Qg1 Qe7 32. Qg6 Qe1 33. Bd3 Qh4 34. Bf5 Bxf5 35. Qxf5+ Kb8 36. c4 Kc7 37. Qa5+ Kc8 38. Qd2 Kd7 39. c5 d5 40. Qe3 Qh5 41. Qg3 Qf7 42. Qg4+ f5 43. Qg3 Qf6+ 44. Qc3 Qxc3+ 45. Kxc3 h5 46. Kb4 Kc8 47. Ka5 Kc7 48. h4 Kb8 49. Kb6 Kc8 50. b4 Kb8 51. b5 cxb5 52. axb5 axb5 53. Kxb5 Kc7 54. c3 1-0